[Event "DEN-chT 1819 57th"]
[Site "Denmark"]
[Date "2019.02.24"]
[Round "7.5"]
[White "Seegert, Kristian"]
[Black "Hove, Esben Kjems"]
[Result "1-0"]
[WhiteElo "2235"]
[BlackElo "2286"]
[PlyCount "104"]
[EventDate "2018.10.27"]
[EventType "team-tourn"]
[EventRounds "9"]
[EventCountry "DEN"]
[SourceTitle "CBM 189 Extra"]
[Source "ChessBase"]
[SourceDate "2019.06.03"]
[SourceVersion "1"]
[SourceVersionDate "2019.06.03"]
[SourceQuality "1"]
[WhiteTeam "BMS"]
[BlackTeam "Nordkalotten"]
[WhiteTeamCountry "DEN"]
[BlackTeamCountry "DEN"]

1. e4 c6 2. d4 d5 3. e5 Bf5 4. Nf3 e6 5. Be2 Nd7 6. 0-0 Ne7 7. Nbd2 Nc8 8. Nb3 Be7 9. Bd2 0-0 10. Re1 Qc7 11. Rc1 b5 12. Ba5 Qb8 13. a3 b4 14. Bxb4 Bxb4 15. axb4 Qxb4 16. Nh4 Bg6 17. Nxg6 hxg6 18. c3 Qb6 19. c4 a5 20. Nc5 Nxc5 21. dxc5 Qxb2 22. Qa4 Ne7 23. cxd5 exd5 24. Qg4 a4 25. Qd7 Nf5 26. Bg4 Nd4 27. Rb1 Qc2 28. e6 fxe6 29. Bxe6+ Kh7 30. Rf1 Rf6 31. Bh3 Qxc5 32. Rb7 Qf8 33. Qg4 Rf4 34. Qd1 a3 35. g3 Nf3+ 36. Kg2 Rf6 37. Rb1 a2 38. Ra1 Qb4 39. Qe2 Nd2 40. Rfe1 Qe4+ 41. f3 Qb4 42. Bg4 Nb3 43. Rxa2 Rxa2 44. Qxa2 Qxe1 45. Qxb3 Qe2+ 46. Kh3 d4 47. f4 Qb5 48. Qa3 c5 49. Qa8 c4 50. Qd8 Qc5 51. Bf3 Qd6 52. Qa8 c3 1-0

[Event "Nordsjalland Weekend-A"]
[Site "Allerod"]
[Date "2019.01.06"]
[Round "4"]
[White "Ostergaard, Jens"]
[Black "Hove, Esben Kjems"]
[Result "1/2-1/2"]
[WhiteElo "2181"]
[BlackElo "2280"]
[PlyCount "81"]
[EventDate "2019.01.04"]
[EventType "swiss"]
[EventRounds "5"]
[EventCountry "DEN"]
[SourceTitle "CBM 189 Extra"]
[Source "ChessBase"]
[SourceDate "2019.06.03"]
[SourceVersion "1"]
[SourceVersionDate "2019.06.03"]
[SourceQuality "1"]

1. d4 d5 2. Nf3 Nf6 3. c4 c6 4. Nbd2 Bf5 5. g3 e6 6. Bg2 h6 7. 0-0 Be7 8. Ne5 Nbd7 9. Nxd7 Qxd7 10. Nf3 0-0 11. Bf4 Qd8 12. c5 Nd7 13. b4 a5 14. a3 g5 15. Bd2 axb4 16. axb4 Bf6 17. Bc3 b6 18. Qd2 Qc7 19. Kh1 bxc5 20. bxc5 Rxa1 21. Rxa1 Rb8 22. h4 gxh4 23. g4 Bg6 24. Qxh6 Nxc5 25. Nxh4 Ne4 26. Bxe4 Bxe4+ 27. f3 Bg7 28. Qg5 Bh7 29. Ng2 Qd8 30. Qxd8+ Rxd8 31. Ra3 Rb8 32. Kg1 Bf8 33. Ra6 c5 34. dxc5 Bxc5+ 35. e3 Bd3 36. Rc6 Bf8 37. Be5 Bb5 38. Rxe6 Rb7 39. Rf6 Bg7 40. Re6 Bf8 41. Rf6 1/2-1/2

[Event "Nordsjalland Weekend-A"]
[Site "Allerod"]
[Date "2019.01.04"]
[Round "1"]
[White "Hector, Jonny"]
[Black "Hove, Esben Kjems"]
[Result "1-0"]
[WhiteElo "2492"]
[BlackElo "2280"]
[PlyCount "91"]
[EventDate "2019.01.04"]
[EventType "swiss"]
[EventRounds "5"]
[EventCountry "DEN"]
[SourceTitle "CBM 189 Extra"]
[Source "ChessBase"]
[SourceDate "2019.06.03"]
[SourceVersion "1"]
[SourceVersionDate "2019.06.03"]
[SourceQuality "1"]

1. e4 c6 2. d4 d5 3. e5 Bf5 4. h4 c5 5. g4 Bc8 6. dxc5 Nc6 7. Bf4 e6 8. Nf3 Bxc5 9. Bd3 Nge7 10. Nbd2 f6 11. Qe2 Ng6 12. Bxg6+ hxg6 13. 0-0-0 Qe7 14. exf6 gxf6 15. g5 Bd7 16. Rhe1 f5 17. Nb3 Bd6 18. Bxd6 Qxd6 19. Nbd4 Nxd4 20. Rxd4 0-0-0 21. Qd2 Kb8 22. Kb1 Rh7 23. c4 Bc6 24. Ne5 Rg8 25. Qf4 Ka8 26. Nxc6 Qxc6 27. cxd5 exd5 28. Qe5 Rc8 29. a3 Qc2+ 30. Ka2 Qxf2 31. Rc1 Rb8 32. Rxd5 a6 33. Rdc5 Rhh8 34. R1c4 Rhe8 35. Qf6 Re4 36. Rc2 Re2 37. Rc1 Qxh4 38. Ra5 Qf2 39. Rc7 Qa7 40. Rac5 Ree8 41. Qxg6 Rf8 42. Rxf5 Qd4 43. Ra5 Rbc8 44. Rxa6+ Kb8 45. Rxc8+ Rxc8 46. Qd6+ 1-0

[Event "DEN-chT 1819 57th"]
[Site "Denmark"]
[Date "2018.10.28"]
[Round "2.3"]
[White "Vinter Schou, Uffe"]
[Black "Hove, Esben Kjems"]
[Result "1/2-1/2"]
[WhiteElo "2341"]
[BlackElo "2286"]
[PlyCount "144"]
[EventDate "2018.10.27"]
[EventType "team-tourn"]
[EventRounds "9"]
[EventCountry "DEN"]
[SourceTitle "CBM 187 Extra"]
[Source "ChessBase"]
[SourceDate "2018.11.04"]
[SourceVersion "1"]
[SourceVersionDate "2018.11.04"]
[SourceQuality "1"]
[WhiteTeam "Aarhus/Skolerne"]
[BlackTeam "Nordkalotten"]
[WhiteTeamCountry "DEN"]
[BlackTeamCountry "DEN"]

1. e4 c6 2. d4 d5 3. exd5 cxd5 4. c4 Nf6 5. Nc3 e6 6. cxd5 Nxd5 7. Nf3 Be7 8. Bd3 Nc6 9. 0-0 0-0 10. Re1 Bf6 11. Be4 Nce7 12. Ne5 Bd7 13. Qd3 g6 14. Bh6 Bg7 15. Bxg7 Kxg7 16. Bxd5 exd5 17. Rac1 a6 18. Qf3 Be6 19. Qf4 Nf5 20. Nf3 h6 21. h4 Qf6 22. Na4 Bd7 23. Nc5 Bc8 24. Re5 Qd8 25. Rce1 b6 26. Nd3 f6 27. R5e2 g5 28. hxg5 hxg5 29. Qd2 Ra7 30. Nb4 Rc7 31. Qd3 a5 32. Nc2 Qd6 33. Ne3 Nxe3 34. Rxe3 Bg4 35. Nh2 Bc8 36. Nf1 Rh8 37. Ng3 Rf7 38. Re8 Rxe8 39. Rxe8 Bg4 40. Qe3 Rc7 41. a3 Kf7 42. Rh8 Re7 43. Qd3 Ke6 44. Kh2 Kd7 45. f3 Be6 46. Qb5+ Qc6 47. Qxc6+ Kxc6 48. Rh6 Kb5 49. Rxf6 Kc4 50. Rg6 Kxd4 51. Rxg5 Kd3 52. Kg1 Kc2 53. Re5 Re8 54. Re2+ Kd3 55. Kf2 Bf7 56. Rxe8 Bxe8 57. f4 d4 58. Nf5 Bd7 59. Nd6 Kc2 60. Ke1 b5 61. b4 d3 62. Ne4 Bc6 63. Nd2 axb4 64. axb4 Bxg2 65. f5 Bd5 66. f6 Kc3 67. Nb1+ Kxb4 68. Kd2 Bc4 69. Nc3 Kc5 70. Ne4+ Kd4 71. Nd6 Ke5 72. Nxc4+ Kxf6 1/2-1/2

[Event "EU-Cup 34th"]
[Site "Porto Carras"]
[Date "2018.10.17"]
[Round "6.4"]
[White "Hove, Esben Kjems"]
[Black "Georgakopoulos, Nikolaos K"]
[Result "1-0"]
[WhiteElo "2286"]
[BlackElo "2085"]
[PlyCount "57"]
[EventDate "2018.10.12"]
[EventType "team-swiss"]
[EventRounds "7"]
[EventCountry "GRE"]
[SourceTitle "CBM 187"]
[Source "ChessBase"]
[SourceDate "2018.12.11"]
[SourceVersion "1"]
[SourceVersionDate "2018.12.11"]
[SourceQuality "1"]
[WhiteTeam "Nordkalotten"]
[BlackTeam "Chania Chess Academy"]
[WhiteTeamCountry "DEN"]
[BlackTeamCountry "GRE"]

1. d4 e6 2. Nf3 Nf6 3. e3 b6 4. Bd3 Bb7 5. 0-0 c5 6. c3 d6 7. Nbd2 Nbd7 8. e4 e5 9. d5 a6 10. a4 g6 11. g3 Bg7 12. c4 0-0 13. Nh4 Ne8 14. a5 Bh6 15. axb6 a5 16. Ra3 Nxb6 17. b3 Ng7 18. Bb2 Ra6 19. Bc3 Nd7 20. Qa1 f5 21. Rxa5 Rb6 22. Ra7 Bc8 23. exf5 gxf5 24. Qb1 e4 25. Nxe4 fxe4 26. Bxe4 Ne5 27. Bxh7+ Kh8 28. Ng6+ Kxh7 29. Nxf8+ 1-0

[Event "DEN-ch rapid op"]
[Site "Hvidovre"]
[Date "2018.09.09"]
[Round "3"]
[White "Petersen, Peter Birk"]
[Black "Hove, Esben Kjems"]
[Result "1/2-1/2"]
[WhiteElo "2132"]
[BlackElo "2286"]
[PlyCount "111"]
[EventDate "2018.09.09"]
[EventType "swiss (rapid)"]
[EventRounds "7"]
[EventCountry "DEN"]
[SourceTitle "EXT 2020"]
[Source "ChessBase"]
[SourceDate "2019.10.17"]
[SourceVersion "1"]
[SourceVersionDate "2019.10.17"]
[SourceQuality "1"]

1. e4 c6 2. d4 d5 3. exd5 cxd5 4. c4 Nf6 5. Nc3 e6 6. Nf3 Be7 7. cxd5 Nxd5 8. Bd3 Nc6 9. 0-0 Bf6 10. a3 0-0 11. Bc2 Nxc3 12. bxc3 b6 13. Qd3 g6 14. Bh6 Re8 15. Rfe1 Bb7 16. Ba4 Re7 17. Rad1 Qd5 18. c4 Qh5 19. Bf4 Rd8 20. Qe3 Na5 21. Ne5 Bxe5 22. Qxe5 Qxe5 23. Bxe5 Nxc4 24. Bf6 Kf8 25. Rc1 Bd5 26. Bc6 Rc7 27. Bxd8 Rxc6 28. Bf6 b5 29. Rc3 Ke8 30. Rb1 Rb6 31. h4 h5 32. f3 Kd7 33. g4 Bc6 34. Kf2 hxg4 35. fxg4 Nd2 36. Re1 Ne4+ 37. Rxe4 Bxe4 38. h5 gxh5 39. gxh5 Rc6 40. Rg3 Rc2+ 41. Kg1 Rc1+ 42. Kf2 Rh1 43. Rg7 Rxh5 44. Rxf7+ Kc6 45. Be5 Kb6 46. Ke3 Bd5 47. Bd6 a5 48. Bc5+ Kc6 49. Ra7 Rh3+ 50. Kd2 Bc4 51. Rxa5 e5 52. Ra6+ Kd5 53. Rd6+ Ke4 54. dxe5 Kxe5 55. Rd8 Rh2+ 56. Ke1 1/2-1/2

[Event "DEN-chT 1718 56th"]
[Site "Denmark"]
[Date "2018.01.14"]
[Round "6.1"]
[White "Hove, Esben Kjems"]
[Black "Baekgaard, Martin"]
[Result "1/2-1/2"]
[WhiteElo "2325"]
[BlackElo "2297"]
[PlyCount "97"]
[EventDate "2017.11.18"]
[EventType "team-tourn"]
[EventRounds "9"]
[EventCountry "DEN"]
[SourceTitle "EXT 2019"]
[Source "ChessBase"]
[SourceDate "2018.10.10"]
[SourceVersion "1"]
[SourceVersionDate "2018.10.10"]
[SourceQuality "1"]
[WhiteTeam "Nordkalotten"]
[BlackTeam "Nordre"]
[WhiteTeamCountry "DEN"]
[BlackTeamCountry "DEN"]

1. d4 d5 2. Bf4 Nf6 3. e3 g6 4. c3 Bg7 5. h3 c5 6. Nd2 Qb6 7. Qb3 c4 8. Qc2 Bf5 9. Qc1 Nc6 10. Ngf3 0-0 11. Be2 Rac8 12. 0-0 Qd8 13. b3 b5 14. a4 a6 15. axb5 axb5 16. bxc4 bxc4 17. Ra6 Nd7 18. Qa1 Ra8 19. g4 Be6 20. Rb1 Qc8 21. Rxa8 Qxa8 22. Ng5 h6 23. Nxe6 fxe6 24. Bf3 Qc8 25. Bg3 Nd8 26. Qa4 Nf7 27. Qc2 g5 28. Bg2 Qc6 29. e4 e5 30. exd5 Qa6 31. Bf1 exd4 32. cxd4 Bxd4 33. Bxc4 Qf6 34. Ne4 Qg6 35. Bd3 Nde5 36. Nc5 Nxd3 37. Qxd3 Qxd3 38. Nxd3 Rc8 39. Rb4 Bf6 40. Rb5 Rc3 41. Nc5 Be5 42. Ne4 Rc4 43. Bxe5 Nxe5 44. Ng3 Nf3+ 45. Kg2 Nh4+ 46. Kf1 Ng6 47. Nf5 Nf4 48. Ke1 Re4+ 49. Ne3 1/2-1/2

[Event "EU-Cup 33rd"]
[Site "Antalya"]
[Date "2017.10.11"]
[Round "4.3"]
[White "Kocak, Can"]
[Black "Hove, Esben Kjems"]
[Result "0-1"]
[WhiteElo "2039"]
[BlackElo "2337"]
[PlyCount "124"]
[EventDate "2017.10.08"]
[EventType "team-swiss"]
[EventRounds "7"]
[EventCountry "TUR"]
[SourceTitle "CBM 181"]
[Source "ChessBase"]
[SourceDate "2017.11.10"]
[SourceVersion "1"]
[SourceVersionDate "2017.11.10"]
[SourceQuality "1"]
[WhiteTeam "Karaman Belediye"]
[BlackTeam "Nordkalotten"]
[WhiteTeamCountry "TUR"]
[BlackTeamCountry "DEN"]

1. e4 c6 2. d4 d5 3. e5 Bf5 4. Nf3 e6 5. Be2 Nd7 6. 0-0 Ne7 7. c3 c5 8. dxc5 Nxc5 9. Nd4 Bg6 10. Nd2 Nc6 11. f4 Be7 12. g4 Bd3 13. b4 Bxe2 14. Qxe2 Na4 15. Nxc6 Qb6+ 16. Nd4 Nxc3 17. Qf2 Qxd4 18. Qxd4 Ne2+ 19. Kf2 Nxd4 20. a3 a6 21. Bb2 Nc6 22. Nb3 Bd8 23. Kg3 h5 24. h3 Bb6 25. Rac1 hxg4 26. hxg4 g5 27. fxg5 Be3 28. Rh1 Ke7 29. Rce1 Bxg5 30. Nc5 b5 31. Kf3 d4 32. Rxh8 Rxh8 33. Nxa6 Rh3+ 34. Kg2 Rb3 35. Rb1 Bf4 36. Nc5 Rg3+ 37. Kf2 Nxe5 38. Bxd4 Nxg4+ 39. Ke2 Rxa3 40. Rg1 Ne5 41. Ne4 Ra2+ 42. Kd1 Ng6 43. Ke1 e5 44. Bc5+ Ke6 45. Kf1 Nh4 46. Nc3 Rb2 47. Nxb5 Nf3 48. Rg8 Nd2+ 49. Kg1 Ne4 50. Nc7+ Kf5 51. Nd5 Ng5 52. Nc3 e4 53. Re8 Be5 54. Nb5 Ne6 55. Nd6+ Bxd6 56. Bxd6 e3 57. Kf1 Ke4 58. Rh8 Nd4 59. Rh4+ Kd3 60. Rh3 Rf2+ 61. Kg1 Nf3+ 62. Kh1 e2 0-1

[Event "Lund CellaVision Cup"]
[Site "Lund"]
[Date "2017.08.05"]
[Round "5"]
[White "Hove, Esben Kjems"]
[Black "Greenfeld, Alon"]
[Result "1/2-1/2"]
[WhiteElo "2340"]
[BlackElo "2546"]
[PlyCount "89"]
[EventDate "2017.08.04"]
[EventType "swiss"]
[EventRounds "8"]
[EventCountry "SWE"]
[SourceTitle "CBM 180 Extra"]
[Source "ChessBase"]
[SourceDate "2017.10.06"]
[SourceVersion "1"]
[SourceVersionDate "2017.10.06"]
[SourceQuality "1"]

1. d4 Nf6 2. Bf4 g6 3. Nf3 Bg7 4. Nbd2 c5 5. e3 0-0 6. c3 d6 7. Be2 Nc6 8. dxc5 dxc5 9. e4 Nh5 10. Be3 b6 11. Qc2 Qc7 12. g3 Nf6 13. h3 Bb7 14. Nh2 Rad8 15. Ng4 Qc8 16. Nxf6+ exf6 17. 0-0-0 f5 18. Bg5 f6 19. Bf4 g5 20. Be3 Kh8 21. Rhe1 fxe4 22. Nxe4 Qe6 23. Bxc5 bxc5 24. Nxc5 Qe7 25. Nxb7 Qxb7 26. Bf3 Qb5 27. Kb1 Ne5 28. Be2 Nc4 29. Ka1 Qc5 30. Qe4 Nxb2 31. Rxd8 Rxd8 32. Kxb2 Rb8+ 33. Kc2 f5 34. Qc4 Qxf2 35. Rd1 Qxg3 36. Rd7 Re8 37. Re7 Rd8 38. Rxa7 h6 39. Qc7 Qxc7 40. Rxc7 Ra8 41. Kb3 Rb8+ 42. Kc4 Ra8 43. Kb3 Rb8+ 44. Kc4 Ra8 45. Kb3 1/2-1/2

[Event "Lund CellaVision Cup"]
[Site "Lund"]
[Date "2017.08.04"]
[Round "4"]
[White "Wedberg, Tom"]
[Black "Hove, Esben Kjems"]
[Result "0-1"]
[WhiteElo "2461"]
[BlackElo "2340"]
[PlyCount "69"]
[EventDate "2017.08.04"]
[EventType "swiss"]
[EventRounds "8"]
[EventCountry "SWE"]
[SourceTitle "CBM 180 Extra"]
[Source "ChessBase"]
[SourceDate "2017.10.06"]
[SourceVersion "1"]
[SourceVersionDate "2017.10.06"]
[SourceQuality "1"]

1. e4 c6 2. d4 d5 3. Nd2 dxe4 4. Nxe4 Bf5 5. Ng3 Bg6 6. Nh3 e6 7. Nf4 Bd6 8. Ngh5 Kf8 9. c3 Nf6 10. Ng3 Qc7 11. Qf3 Nbd7 12. Bc4 e5 13. Nxg6+ hxg6 14. Be3 exd4 15. Bxd4 Re8+ 16. Ne2 Ne5 17. Bxe5 Bxe5 18. 0-0-0 b5 19. Bb3 a5 20. Nd4 Bxd4 21. Rxd4 c5 22. Rdd1 Rh5 23. Bc2 c4 24. h4 Qc8 25. g3 Rhe5 26. Rd2 b4 27. Rhd1 Re1 28. Ba4 R8e7 29. Kc2 Rxd1 30. Rxd1 Kg8 31. Rd4 Qe6 32. Qf4 bxc3 33. bxc3 Nd5 34. Qd2 Nb6 35. Qf4 0-1